[Event "X Festival Sant'Anna A"]
[Site "Pisignano - Vernole ITA"]
[Date "2007.08.08"]
[Round "3"]
[White "Caggiano, Carmine"]
[Black "Fontanarosa, Luca"]
[Result "0-1"]
[WhiteElo "1874"]
[BlackElo "1817"]
[PlyCount "116"]
[EventDate "2007.08.07"]

1. e4 c5 2. Nc3 Nc6 3. g3 g6 4. Bg2 Bg7 5. Nge2 d6 6. O-O Rb8 7. d3 b5 8. Rb1
b4 9. Nd5 e6 10. Ne3 Nge7 11. f4 f5 12. exf5 exf5 13. Nd5 O-O 14. Re1 Bb7 15.
c3 Nxd5 16. Bxd5+ Kh8 17. Bd2 a5 18. a3 bxa3 19. bxa3 Ba8 20. Qa4 Qc7 21. c4
Nd4 22. Rxb8 Rxb8 23. Nxd4 Bxd4+ 24. Kf1 Bxd5 25. cxd5 Kg7 26. Qc6 Qxc6 27.
dxc6 Rc8 28. Re7+ Kf6 29. Rxh7 Rxc6 30. Bxa5 Ra6 31. Bd8+ Ke6 32. Rh6 Kf7 33.
Rh7+ Bg7 34. Bc7 Kg8 35. Rh4 Bf6 36. Rh3 Be7 37. Ke2 Rxa3 38. Bb8 Rb3 39. Bc7
Rb7 40. Ba5 Bf6 41. Kf3 Rb3 42. Ke2 Rb2+ 43. Kd1 Ra2 44. Bc7 Be7 45. Bb8 Kg7
46. Kc1 Ra6 47. Kc2 Bd8 48. g4 fxg4 49. Rg3 Rb6 50. Bxd6 Rxd6 51. Rxg4 Kf6 52.
Rg5 Bb6 53. h4 Rd4 54. h5 gxh5 55. Rxh5 Ba7 56. Rh7 Bb8 57. Rh4 Bd6 58. Rh5
Bxf4 0-1

[Event "X Festival Sant'Anna A"]
[Site "Pisignano - Vernole ITA"]
[Date "2007.08.08"]
[Round "3"]
[White "Castellaneta, Andrea"]
[Black "Limongelli, Sergio"]
[Result "1-0"]
[WhiteElo "1797"]
[BlackElo "1982"]
[PlyCount "103"]
[EventDate "2007.08.07"]

1. e4 c5 2. Nf3 e6 3. d4 cxd4 4. Nxd4 a6 5. Nc3 Qc7 6. Be3 Bb4 7. Qd3 Nf6 8. f3
d5 9. Bd2 O-O 10. O-O-O Nc6 11. Bg5 dxe4 12. Nxe4 Nxe4 13. Qxe4 Qa5 14. Nxc6
bxc6 15. Bd3 f5 16. Qc4 Qb6 17. h4 Bc5 18. Rhe1 Rb8 19. b3 Ba3+ 20. Kb1 a5 21.
g4 Kh8 22. gxf5 exf5 23. Be7 Bxe7 24. Rxe7 Qb4 25. Qxb4 Rxb4 26. Bc4 Rb7 27.
Rxb7 Bxb7 28. Rd7 Rb8 29. Be6 g6 30. h5 a4 31. Kb2 axb3 32. cxb3 c5 33. hxg6
hxg6 34. Bd5 Bxd5 35. Rxd5 c4 36. Rd7 cxb3 37. axb3 Re8 38. b4 Re2+ 39. Kc3
Re3+ 40. Rd3 Re7 41. Kc4 Kg7 42. b5 Kf6 43. Kc5 g5 44. b6 g4 45. f4 Kg6 46. Kc6
Re1 47. Rb3 Rc1+ 48. Kb5 Re1 49. b7 Re8 50. Kc6 g3 51. Rxg3+ Kf6 52. Rb3 1-0

[Event "X Festival Sant'Anna A"]
[Site "Pisignano - Vernole ITA"]
[Date "2007.08.08"]
[Round "3"]
[White "Dappiano, Andrea"]
[Black "Sernagiotto, Mirko Virgilio"]
[Result "0-1"]
[WhiteElo "1914"]
[BlackElo "2128"]
[PlyCount "70"]
[EventDate "2007.08.07"]

1. c4 c6 2. Nf3 d5 3. g3 Nf6 4. Bg2 g6 5. cxd5 Qxd5 6. Nc3 Qh5 7. O-O Bg7 8. d4
O-O 9. Qb3 Nd5 10. Ng5 h6 11. Nxd5 cxd5 12. Bf3 Bg4 13. Qxb7 Nd7 14. Bxg4 Qxg4
15. Nf3 Nb6 16. Rd1 g5 17. b3 Qe4 18. Be3 Rfd8 19. Rac1 Rd7 20. Qa6 f5 21. Qd3
Qe6 22. Rc2 a5 23. Rdc1 Rd6 24. Qb5 a4 25. Rc6 axb3 26. axb3 Nc4 27. Rxd6 Nxd6
28. Qb6 f4 29. gxf4 gxf4 30. Bxf4 Qxe2 31. Kg2 Nf5 32. Re1 Nh4+ 33. Nxh4 Qxe1
34. Nf3 Qe4 35. Bg3 Rf8 0-1

[Event "X Festival Sant'Anna A"]
[Site "Pisignano - Vernole ITA"]
[Date "2007.08.08"]
[Round "3"]
[White "Del Giudice, Stefano"]
[Black "Sirena, Gianni"]
[Result "0-1"]
[WhiteElo "2030"]
[BlackElo "1806"]
[PlyCount "46"]
[EventDate "2007.08.07"]

1. Nf3 g6 2. g3 Bg7 3. Bg2 Nf6 4. d3 d6 5. O-O Nbd7 6. Nbd2 O-O 7. e4 e5 8. a4
c6 9. Nc4 Qc7 10. Nh4 d5 11. exd5 Nxd5 12. Ne3 Qd6 13. Nxd5 cxd5 14. c4 Nf6 15.
Nf3 Be6 16. Qe2 Nd7 17. Ng5 dxc4 18. Nxe6 cxd3 19. Qd1 fxe6 20. Bxb7 Rab8 21.
Bg2 Rfd8 22. Ra3 Nc5 23. Qd2 Nb3 0-1

[Event "X Festival Sant'Anna A"]
[Site "Pisignano - Vernole ITA"]
[Date "2007.08.08"]
[Round "3"]
[White "Della Rocca, Luigi"]
[Black "Bitossi, Massimo"]
[Result "0-1"]
[WhiteElo "1832"]
[BlackElo "1892"]
[PlyCount "142"]
[EventDate "2007.08.07"]

1. e4 Nf6 2. Nc3 d6 3. d3 c6 4. f4 e5 5. Nf3 Qb6 6. Na4 Qa5+ 7. c3 b5 8. b4
Qxa4 9. Qxa4 bxa4 10. fxe5 dxe5 11. Nxe5 Bd6 12. Nc4 Bc7 13. Be2 Be6 14. Nd2 a5
15. a3 Nbd7 16. Nf3 Bb6 17. c4 axb4 18. axb4 c5 19. b5 Ba5+ 20. Bd2 O-O 21.
Bxa5 Rxa5 22. Ng5 Bg4 23. h3 Bxe2 24. Kxe2 h6 25. Nf3 Re8 26. Ra3 Nb6 27. Nd2
Nfd7 28. Rf1 f6 29. Rf5 g6 30. Rf1 f5 31. g4 fxe4 32. dxe4 Raa8 33. Kd3 Kg7 34.
Kc2 Rf8 35. Raf3 Rxf3 36. Rxf3 Ne5 37. Rf1 Nbxc4 38. Nxc4 Nxc4 39. Ra1 Nd6 40.
Kc3 Nxb5+ 41. Kc4 Nd6+ 42. Kd5 Ra6 43. e5 Nf7 44. e6 Rd6+ 45. Kxc5 Rxe6 46.
Rxa4 Re3 47. h4 Rh3 48. g5 hxg5 49. hxg5 Nxg5 50. Rg4 Ne6+ 51. Kd5 Kf6 52. Rg1
Rh5+ 53. Ke4 Re5+ 54. Kf3 Kf5 55. Rg2 Rb5 56. Rg1 g5 57. Rc1 Rb3+ 58. Kf2 Ke4
59. Re1+ Kf5 60. Rc1 g4 61. Rc8 Rf3+ 62. Kg2 Nf4+ 63. Kg1 g3 64. Rf8+ Ke4 65.
Re8+ Kd3 66. Rd8+ Ke2 67. Re8+ Re3 68. Ra8 Kf3 69. Ra1 Nh3+ 70. Kh1 g2+ 71. Kh2
g1=Q+ 0-1

[Event "X Festival Sant'Anna A"]
[Site "Pisignano - Vernole ITA"]
[Date "2007.08.08"]
[Round "3"]
[White "Dragojlovic, Andjelko"]
[Black "D'Orta, Antonio"]
[Result "1-0"]
[WhiteElo "2432"]
[BlackElo "1741"]
[PlyCount "78"]
[EventDate "2007.08.07"]

1. e4 Nc6 2. d4 e5 3. Nf3 exd4 4. Nxd4 Bc5 5. Nb3 Bb6 6. Nc3 d6 7. Nd5 Qh4 8.
Qf3 Nge7 9. Nxb6 axb6 10. g3 Qg4 11. Be2 Qh3 12. Bd2 Ne5 13. Qe3 O-O 14. f3 f5
15. f4 Ng4 16. Bxg4 Qxg4 17. O-O fxe4 18. Qxe4 Nc6 19. Nd4 Bd7 20. Qd5+ Kh8 21.
Rae1 Nxd4 22. Qxd4 Rae8 23. Bc3 Bc6 24. f5 Qxd4+ 25. Bxd4 Kg8 26. g4 Kf7 27.
Kf2 Re4 28. Rxe4 Bxe4 29. c3 g6 30. f6 g5 31. c4 c5 32. Bc3 Bd3 33. Rd1 Bxc4
34. Rxd6 Bxa2 35. Rd7+ Kg6 36. Rg7+ Kh6 37. h4 Rxf6+ 38. Bxf6 gxh4 39. g5+ Kh5
1-0

[Event "X Festival Sant'Anna A"]
[Site "Pisignano - Vernole ITA"]
[Date "2007.08.08"]
[Round "3"]
[White "Fiorentino, Maria Cristina"]
[Black "Patavia, Antonio"]
[Result "0-1"]
[WhiteElo "1666"]
[BlackElo "2079"]
[PlyCount "50"]
[EventDate "2007.08.07"]

1. d4 e6 2. Nf3 f5 3. c4 Nf6 4. e3 d5 5. cxd5 exd5 6. Bd3 Bd6 7. O-O O-O 8. b3
Qe7 9. a4 Nc6 10. Re1 Ne4 11. Bd2 Be6 12. Nc3 a6 13. Qe2 Rf6 14. g3 Raf8 15.
Rec1 g5 16. Ne1 Rh6 17. Nxe4 fxe4 18. Bxa6 bxa6 19. Rxc6 Qd7 20. Rc2 Bg4 21.
Qf1 Bh3 22. Ng2 Qg4 23. Qd1 Rf3 24. Ne1 Bxg3 25. hxg3 Rxg3+ 0-1

[Event "X Festival Sant'Anna A"]
[Site "Pisignano - Vernole ITA"]
[Date "2007.08.08"]
[Round "3"]
[White "Gissi, Gilberto"]
[Black "Strippoli, Michele"]
[Result "1/2-1/2"]
[WhiteElo "2085"]
[BlackElo "1911"]
[PlyCount "47"]
[EventDate "2007.08.07"]

1. e4 d5 2. exd5 Qxd5 3. c4 Qa5 4. Nc3 c5 5. Nge2 Nf6 6. d4 cxd4 7. Nxd4 e5 8.
Nb3 Qc7 9. Bg5 Bb4 10. Bxf6 Bxc3+ 11. bxc3 gxf6 12. Qf3 Qc6 13. Qe3 Be6 14. Be2
Nd7 15. O-O O-O 16. f4 Qb6 17. c5 Qc7 18. Bb5 Kh8 19. Rad1 a6 20. Bxd7 Bxd7 21.
fxe5 fxe5 22. Rd6 Rae8 23. Qh6 f5 24. Re1 1/2-1/2

[Event "X Festival Sant'Anna A"]
[Site "Pisignano - Vernole ITA"]
[Date "2007.08.08"]
[Round "3"]
[White "Guccione, Daniele"]
[Black "Elia, Alessio"]
[Result "1-0"]
[WhiteElo "1879"]
[BlackElo "1895"]
[PlyCount "67"]
[EventDate "2007.08.07"]

1. e4 d6 2. d4 Nf6 3. Nc3 g6 4. Bg5 Bg7 5. f4 O-O 6. Nf3 Nc6 7. Qd2 h6 8. Bh4
Nb8 9. O-O-O c6 10. e5 Ne8 11. Bc4 d5 12. Bd3 Nc7 13. Bf2 Be6 14. h4 Bg4 15.
Ne2 Qd7 16. Nh2 Bf5 17. g4 Bxd3 18. Qxd3 Kh7 19. h5 Qe8 20. Nf3 f5 21. hxg6+
Kg8 22. gxf5 Nd7 23. Ng3 Qc8 24. Nh5 Nb6 25. Nh4 Ne8 26. Rdg1 Bh8 27. g7 Bxg7
28. Nxg7 Nxg7 29. Rxg7+ Kxg7 30. Qg3+ Kh8 31. Ng6+ Kh7 32. Qh2 Kg7 33. Qxh6+
Kf7 34. Qh7+ 1-0

[Event "X Festival Sant'Anna A"]
[Site "Pisignano - Vernole ITA"]
[Date "2007.08.08"]
[Round "3"]
[White "Guido, Andrea"]
[Black "Rizzo, Giovanbattista"]
[Result "0-1"]
[WhiteElo "1808"]
[BlackElo "2112"]
[PlyCount "60"]
[EventDate "2007.08.07"]

1. d4 Nf6 2. c4 Nc6 3. Nf3 e6 4. Nc3 Bb4 5. a3 Bxc3+ 6. bxc3 b6 7. Qc2 h6 8. e4
Ba6 9. e5 Ng8 10. Bd3 Na5 11. O-O Bxc4 12. Bxc4 Nxc4 13. Qa4 Na5 14. Bd2 Ne7
15. c4 Nac6 16. Qc2 d6 17. d5 exd5 18. exd6 Qxd6 19. cxd5 Nxd5 20. Rfe1+ Nce7
21. Rad1 O-O 22. Bb4 c5 23. Bc3 Rad8 24. Qb2 f6 25. Qb3 Qc6 26. Rxe7 c4 27. Nd4
Qc8 28. Nf5 cxb3 29. Rxg7+ Kh8 30. Rg6 Qxf5 0-1

[Event "X Festival Sant'Anna A"]
[Site "Pisignano - Vernole ITA"]
[Date "2007.08.08"]
[Round "3"]
[White "Isonzo, David"]
[Black "Bruno, Fabio"]
[Result "1/2-1/2"]
[WhiteElo "2356"]
[BlackElo "2443"]
[PlyCount "113"]
[EventDate "2007.08.07"]

1. e4 c5 2. Nf3 Nc6 3. g3 Nf6 4. d3 g6 5. Bg2 Bg7 6. O-O d5 7. Nbd2 O-O 8. c3
b6 9. Re1 e6 10. a3 Qc7 11. e5 Nd7 12. d4 cxd4 13. cxd4 a5 14. Nf1 Ba6 15. Bf4
Rfc8 16. Ne3 Ne7 17. Qd2 Qd8 18. Ng4 Rc6 19. Bg5 Rac8 20. Rac1 Rxc1 21. Rxc1
Rxc1+ 22. Qxc1 Qc8 23. Qd2 Nf5 24. Nf6+ Bxf6 25. Bxf6 Qc4 26. g4 Ng7 27. h3 Ne8
28. Be7 Kg7 29. Qf4 h6 30. Bg5 hxg5 31. Nxg5 Nxe5 32. Qxe5+ Kg8 33. Nxe6 fxe6
34. Qxe6+ Kf8 35. Qxb6 Qc1+ 36. Kh2 Qc7+ 37. Qxc7 Nxc7 38. Kg3 Ke7 39. Kf4 Kf6
40. h4 Be2 41. Bh3 Ne6+ 42. Ke3 Bd1 43. f4 a4 44. g5+ Ke7 45. f5 gxf5 46. Bxf5
Ng7 47. Bc8 Kd6 48. Kf4 Bh5 49. Ba6 Ne6+ 50. Ke3 Nf8 51. Bb5 Ng6 52. Bxa4 Nxh4
53. Bc2 Ng2+ 54. Kf2 Nf4 55. Ke3 Ng2+ 56. Kf2 Nf4 57. Ke3 1/2-1/2

[Event "X Festival Sant'Anna A"]
[Site "Pisignano - Vernole ITA"]
[Date "2007.08.08"]
[Round "3"]
[White "Lazic, Miroljub"]
[Black "Laketic, Gojko"]
[Result "1/2-1/2"]
[WhiteElo "2470"]
[BlackElo "2430"]
[PlyCount "20"]
[EventDate "2007.08.07"]

1. e4 e5 2. Nf3 Nc6 3. d4 exd4 4. Bc4 Bc5 5. c3 Nf6 6. cxd4 Bb4+ 7. Bd2 Bxd2+
8. Nbxd2 d5 9. exd5 Nxd5 10. Qb3 Nce7 1/2-1/2

[Event "X Festival Sant'Anna A"]
[Site "Pisignano - Vernole ITA"]
[Date "2007.08.08"]
[Round "3"]
[White "Parrella, Alfredo"]
[Black "Piscopo, Pierluigi"]
[Result "1/2-1/2"]
[WhiteElo "2137"]
[BlackElo "2392"]
[PlyCount "127"]
[EventDate "2007.08.07"]

1. e4 c5 2. Nf3 Nc6 3. d4 cxd4 4. Nxd4 Qb6 5. Nb3 Nf6 6. Nc3 e6 7. Qe2 Qc7 8.
f4 d6 9. g4 a6 10. a4 b6 11. Bg2 Bb7 12. O-O Be7 13. Be3 Na5 14. Nxa5 bxa5 15.
Bd4 e5 16. Be3 h5 17. g5 Ng4 18. f5 Nxe3 19. Qxe3 d5 20. Qd2 d4 21. Nd5 Bxd5
22. exd5 Rb8 23. b3 h4 24. Be4 Qc3 25. Qxc3 dxc3 26. g6 h3 27. Bd3 Rh4 28. Bc4
fxg6 29. fxg6 Rb4 30. Rf3 e4 31. Rg3 Bd6 32. Rg5 Bf4 33. Rf5 Rb6 34. Rf1 Rxg6+
35. Kh1 Bd6 36. Bxa6 Kd8 37. Be2 Kc7 38. Rg1 Rg2 39. Rxg2 hxg2+ 40. Kg1 Rxh2
41. Rh5 Rxh5 42. Bxh5 Bc5+ 43. Kxg2 Kd6 44. Bf7 Ke5 45. Bg6 Kxd5 46. Kg3 Kd4
47. Kf2 Ke5+ 48. Kg3 Bb6 49. Kg4 Bf2 50. Kg5 Be3+ 51. Kg4 Bf4 52. Kh4 Kd4 53.
Kh3 Ke3 54. Kg4 Be5 55. Bh7 g5 56. Bg6 Bf4 57. Bh7 Kd4 58. Bg6 e3 59. Bd3 Kc5
60. Be2 Kb4 61. Kf5 Ka3 62. Ke4 Kb2 63. Kd3 Be5 64. Bg4 1/2-1/2

[Event "X Festival Sant'Anna A"]
[Site "Pisignano - Vernole ITA"]
[Date "2007.08.08"]
[Round "3"]
[White "Quarta, Rocco"]
[Black "Dell'Anna, Michele"]
[Result "0-1"]
[WhiteElo "2061"]
[BlackElo "1858"]
[PlyCount "142"]
[EventDate "2007.08.07"]

1. d4 Nf6 2. c4 g6 3. Nc3 Bg7 4. e4 d6 5. Nf3 O-O 6. Bf4 c5 7. d5 Bg4 8. Be2
Nbd7 9. O-O Ne8 10. Qd2 Bxf3 11. Bxf3 Ne5 12. Be2 Qc8 13. Bh6 f5 14. Bxg7 Nxg7
15. f4 Nf7 16. a3 e6 17. Rad1 e5 18. b4 b6 19. Rde1 a5 20. b5 Qc7 21. g3 Qe7
22. Bd3 fxe4 23. Bxe4 Nh6 24. Bg2 Nf7 25. g4 Qh4 26. Ne4 Qe7 27. f5 gxf5 28.
gxf5 Ne8 29. f6 Qd8 30. Bh3 Kh8 31. Re2 Rg8+ 32. Rg2 Nc7 33. Rf3 Qf8 34. Rxg8+
Kxg8 35. Qg2+ Kh8 36. Rg3 Qh6 37. Be6 Qc1+ 38. Qf1 Qc2 39. Bf5 Qb2 40. Ng5 Qd4+
41. Kh1 Nxg5 42. Rxg5 Nxd5 43. cxd5 Qxd5+ 44. Qg2 Qd1+ 45. Qg1 Qd5+ 46. Qg2
Qd1+ 47. Qg1 Qd5+ 48. Rg2 Rg8 49. f7 Qxf7 50. Rxg8+ Qxg8 51. Qxg8+ Kxg8 52.
Be6+ Kg7 53. Kg2 Kf6 54. Bd5 e4 55. Bxe4 h6 56. Kf3 Ke5 57. Ke3 c4 58. Bf3 d5
59. h3 d4+ 60. Kd2 Kd6 61. Bc6 Ke6 62. Kc2 Kd6 63. Be8 Kc5 64. Kb2 c3+ 65. Kc2
Kc4 66. Bg6 Kxb5 67. Bd3+ Ka4 68. Bc4 Kxa3 69. h4 Kb4 70. Ba2 Ka3 71. Be6 b5
0-1

[Event "X Festival Sant'Anna A"]
[Site "Pisignano - Vernole ITA"]
[Date "2007.08.08"]
[Round "3"]
[White "Rotelli, Pietro"]
[Black "Pace, Colin"]
[Result "0-1"]
[WhiteElo "1978"]
[BlackElo "2153"]
[PlyCount "80"]
[EventDate "2007.08.07"]

1. d4 d5 2. c4 e6 3. Nc3 c6 4. e4 dxe4 5. Nxe4 Bb4+ 6. Bd2 Qxd4 7. Bxb4 Qxe4+
8. Be2 Nd7 9. Nf3 b6 10. O-O Bb7 11. Re1 c5 12. Bc3 Ngf6 13. Bf1 Qc6 14. Ne5
Nxe5 15. Bxe5 h5 16. f3 Nd7 17. Bd3 Nxe5 18. Rxe5 O-O-O 19. Qe2 Rd4 20. Be4 Qd6
21. f4 Ba6 22. b3 f6 23. Rxe6 Qxe6 24. Bb7+ Kd7 25. Qxe6+ Kxe6 26. Bxa6 Rxf4
27. Re1+ Kf7 28. Bb5 Rd4 29. Bc6 Rhd8 30. Bf3 h4 31. h3 Rd2 32. a4 R2d3 33.
Bd5+ Kf8 34. Re4 Rd4 35. Re3 Re8 36. Kf2 Rd2+ 37. Kf3 Rxe3+ 38. Kxe3 Rb2 39.
Bc6 Rxb3+ 40. Kf4 Rb4 0-1

[Event "X Festival Sant'Anna A"]
[Site "Pisignano - Vernole ITA"]
[Date "2007.08.08"]
[Round "3"]
[White "Sansonetti, Giorgio"]
[Black "Altini, Nicola"]
[Result "0-1"]
[WhiteElo "2109"]
[BlackElo "1939"]
[PlyCount "56"]
[EventDate "2007.08.07"]

1. f4 d5 2. Nf3 c5 3. e3 Nc6 4. d4 Bg4 5. c3 e6 6. Nbd2 Nf6 7. Bd3 Be7 8. O-O
O-O 9. Qe1 c4 10. Bc2 b5 11. Ne5 Nxe5 12. fxe5 Ne8 13. e4 Nc7 14. Qg3 Bh5 15.
exd5 Nxd5 16. Qh3 Bg6 17. Bxg6 hxg6 18. Ne4 b4 19. Bd2 a5 20. Rf3 a4 21. cxb4
Nxb4 22. Bc3 a3 23. Nf6+ gxf6 24. exf6 Bxf6 25. Rxf6 Qxf6 26. d5 e5 27. Bxb4
axb2 28. Rb1 Qb6+ 0-1

[Event "X Festival Sant'Anna A"]
[Site "Pisignano - Vernole ITA"]
[Date "2007.08.08"]
[Round "3"]
[White "Tocchioni, Doriano"]
[Black "De Leon Cultri Fascetti, Angelo"]
[Result "1-0"]
[WhiteElo "2261"]
[BlackElo "2010"]
[PlyCount "111"]
[EventDate "2007.08.07"]

1. Nf3 Nf6 2. d4 g6 3. c3 Bg7 4. Bg5 O-O 5. Nbd2 d6 6. e4 c6 7. Bxf6 Bxf6 8. h4
Bg4 9. Qc2 e5 10. dxe5 dxe5 11. Bc4 b5 12. Bb3 Na6 13. Nh2 Bc8 14. h5 Nc5 15.
hxg6 hxg6 16. Ke2 Nxb3 17. axb3 Be6 18. Ra6 Qc7 19. Nhf3 Bc8 20. Raa1 Bg7 21.
Rh4 f6 22. Rah1 Be6 23. Nf1 Kf7 24. Ne3 Rh8 25. Rxh8 Rxh8 26. Rxh8 Bxh8 27. g4
Qd7 28. g5 f5 29. Nh4 f4 30. Nef5 gxf5 31. exf5 Bd5 32. c4 Bh1 33. cxb5 cxb5
34. f3 Qe7 35. f6 Bxf6 36. Qg6+ Ke6 37. Qg8+ Qf7 38. Qc8+ Qd7 39. Qg8+ Qf7 40.
Qc8+ Qd7 41. Qa6+ Qd6 42. Qxd6+ Kxd6 43. gxf6 Ke6 44. Nf5 e4 45. fxe4 Bxe4 46.
f7 Kxf7 47. Nd6+ Ke6 48. Nxe4 Kd5 49. Kd3 a6 50. b4 f3 51. Nf2 Ke5 52. Ke3 Kd5
53. b3 Ke5 54. Nd3+ Kd5 55. Nc5 a5 56. bxa5 1-0

[Event "X Festival Sant'Anna A"]
[Site "Pisignano - Vernole ITA"]
[Date "2007.08.08"]
[Round "3"]
[White "Vespe, Francesco"]
[Black "Fasiello, Andrea"]
[Result "0-1"]
[WhiteElo "2058"]
[BlackElo "1906"]
[PlyCount "137"]
[EventDate "2007.08.07"]

1. d4 d5 2. c4 e6 3. Nc3 Nf6 4. Bg5 Nbd7 5. Nf3 Be7 6. e3 O-O 7. Rc1 h6 8. Bh4
Re8 9. Bd3 a6 10. O-O dxc4 11. Bxc4 b5 12. Bd3 Bb7 13. Re1 c5 14. Ne5 Nxe5 15.
dxe5 Nd7 16. Bg3 c4 17. Be4 Bxe4 18. Nxe4 Nc5 19. Nxc5 Bxc5 20. Qg4 Qd2 21. Qe2
Rad8 22. Kf1 Rd3 23. Red1 Qxe2+ 24. Kxe2 Red8 25. Rxd3 Rxd3 26. b3 Bb4 27. bxc4
Rd2+ 28. Kf3 Rxa2 29. cxb5 axb5 30. Rb1 Ra4 31. Ke2 Kf8 32. f4 Ke7 33. Be1 Ra2+
34. Kf1 Bxe1 35. Kxe1 Rxg2 36. Rxb5 g6 37. Rb7+ Kf8 38. h4 Rh2 39. Rb6 Rxh4 40.
Kf2 Kg7 41. Kg3 Rh1 42. Kg2 Rd1 43. Rb2 h5 44. Kg3 Rd7 45. Kf3 f6 46. exf6+
Kxf6 47. Rg2 Rd5 48. e4 Rd3+ 49. Ke2 Rb3 50. Rg5 Ra3 51. Kf2 Ra7 52. Kg3 Re7
53. e5+ Kg7 54. Kf3 Rf7 55. Rg1 Kh6 56. Ke4 h4 57. Kf3 Rf5 58. Ke4 Kh5 59. Rd1
h3 60. Rh1 Kh4 61. Rg1 h2 62. Rh1 Kg3 63. Ke3 Kg2 64. Ra1 h1=Q 65. Rxh1 Kxh1
66. Kf3 Kh2 67. Kg4 Rf8 68. Kg5 Kh3 69. Kxg6 0-1

[Event "X Festival Sant'Anna A"]
[Site "Pisignano - Vernole ITA"]
[Date "2007.08.09"]
[Round "4"]
[White "Altini, Daniele"]
[Black "Bernabei, Alberto"]
[Result "0-1"]
[WhiteElo "2281"]
[BlackElo "1998"]
[PlyCount "74"]
[EventDate "2007.08.07"]

1. d4 f5 2. Nf3 Nf6 3. Bf4 g6 4. e3 Bg7 5. c4 O-O 6. Nc3 d6 7. Be2 a5 8. O-O
Na6 9. a3 c5 10. Qd3 h6 11. h4 Qe8 12. d5 Nc7 13. Rab1 Bd7 14. Nd2 Rb8 15. Bf3
b5 16. Rfe1 Qf7 17. b3 Ng4 18. Bxg4 fxg4 19. Nce4 Bf5 20. Bg3 g5 21. hxg5 hxg5
22. Kf1 Qg6 23. Rbc1 b4 24. a4 Bc3 25. Ke2 Bxd2 26. Kxd2 Bxe4 27. Qe2 Bxg2 28.
Qxg4 Bf3 29. Qd7 Ne8 30. Rg1 Nf6 31. Qxe7 Rbe8 32. Qc7 Ne4+ 33. Ke1 Rf7 34. Qc6
Ref8 35. Bf4 g4 36. Qb6 Qf6 37. Kf1 Qb2 0-1

[Event "X Festival Sant'Anna A"]
[Site "Pisignano - Vernole ITA"]
[Date "2007.08.09"]
[Round "4"]
[White "Bitossi, Massimo"]
[Black "Rotelli, Pietro"]
[Result "1-0"]
[WhiteElo "1892"]
[BlackElo "1978"]
[PlyCount "77"]
[EventDate "2007.08.07"]

1. d4 d5 2. Bf4 Nf6 3. e3 Bf5 4. Nf3 h6 5. h3 g5 6. Bh2 Nbd7 7. c4 e6 8. a3 c6
9. Nc3 Ne4 10. Nxe4 Bxe4 11. Bd3 Bxd3 12. Qxd3 Bg7 13. c5 O-O 14. b4 a6 15. Bd6
Re8 16. Ne5 Nb6 17. h4 gxh4 18. f4 Nc8 19. Nxf7 Kxf7 20. Be5 Ne7 21. Rxh4 Nf5
22. Rh3 Bxe5 23. dxe5 Rg8 24. Qe2 Kf8 25. g4 d4 26. O-O-O Qd5 27. e4 d3 28.
Rhxd3 Qc4+ 29. Kb1 Nd4 30. Qb2 Nb5 31. a4 Qxe4 32. axb5 axb5 33. Qc2 Qxb4+ 34.
Rb3 Qxf4 35. Qe2 Qxg4 36. Rf3+ Ke7 37. Qc2 Qxf3 38. Qh7+ Kf8 39. Qxh6+ 1-0

[Event "X Festival Sant'Anna A"]
[Site "Pisignano - Vernole ITA"]
[Date "2007.08.09"]
[Round "4"]
[White "Bruno, Fabio"]
[Black "Collutiis, Duilio"]
[Result "0-1"]
[WhiteElo "2443"]
[BlackElo "2405"]
[PlyCount "92"]
[EventDate "2007.08.07"]

1. Nf3 Nf6 2. g3 g6 3. Bg2 Bg7 4. O-O O-O 5. c4 d6 6. d4 Nbd7 7. Nc3 e5 8. Qc2
exd4 9. Nxd4 Nb6 10. b3 c5 11. Nf3 Bf5 12. Qd2 d5 13. Nh4 Be6 14. Ba3 dxc4 15.
Qxd8 Rfxd8 16. Rab1 cxb3 17. axb3 Nbd5 18. Nd1 Rac8 19. e4 Nb4 20. Ne3 Ng4 21.
Nxg4 Bxg4 22. Bf3 Bxf3 23. Nxf3 Nd3 24. Ne1 b6 25. Kg2 Nxe1+ 26. Rfxe1 Rd3 27.
Bc1 Bc3 28. Re3 Rcd8 29. Rxd3 Rxd3 30. Bh6 f6 31. Kf1 Rd4 32. Rc1 Bd2 33. Bxd2
Rxd2 34. Kg2 a5 35. Rc3 Kf7 36. Kf3 Ke6 37. Ke3 Rd4 38. f4 Kd6 39. Rd3 Rxd3+
40. Kxd3 g5 41. h3 gxf4 42. gxf4 b5 43. Kc3 a4 44. b4 cxb4+ 45. Kxb4 Kc6 46. h4
h5 0-1

[Event "X Festival Sant'Anna A"]
[Site "Pisignano - Vernole ITA"]
[Date "2007.08.09"]
[Round "4"]
[White "D'Orta, Antonio"]
[Black "Gissi, Gilberto"]
[Result "1-0"]
[WhiteElo "1741"]
[BlackElo "2085"]
[PlyCount "77"]
[EventDate "2007.08.07"]

1. e4 c5 2. Nf3 a6 3. Nc3 Nc6 4. d4 cxd4 5. Nxd4 e5 6. Nf5 d6 7. Bc4 Bxf5 8.
exf5 Nf6 9. Be3 Be7 10. Nd5 Nxd5 11. Qxd5 O-O 12. c3 Qc7 13. O-O Bf6 14. Bb3
Ne7 15. Qf3 Qc6 16. Qg4 d5 17. Rad1 a5 18. Qf3 Rad8 19. g4 h6 20. Qg3 a4 21.
Bc2 d4 22. Bc1 e4 23. Rfe1 d3 24. Bb1 Rfe8 25. a3 Bg5 26. Bxg5 hxg5 27. Qe3 f6
28. Qxe4 Nd5 29. Qf3 d2 30. Rxe8+ Rxe8 31. Ba2 Re1+ 32. Kg2 Kf8 33. Bxd5 Qa6
34. Rxd2 Qf1+ 35. Kg3 Qb5 36. Qd3 Rg1+ 37. Bg2 Qe5+ 38. Kh3 Kg8 39. Qd5+ 1-0

[Event "X Festival Sant'Anna A"]
[Site "Pisignano - Vernole ITA"]
[Date "2007.08.09"]
[Round "4"]
[White "De Giorgi, Stefano"]
[Black "Lazic, Miroljub"]
[Result "0-1"]
[WhiteElo "2086"]
[BlackElo "2470"]
[PlyCount "70"]
[EventDate "2007.08.07"]

1. Nf3 d5 2. d4 Nf6 3. c4 e6 4. Nc3 c6 5. e3 Nbd7 6. a3 Bd6 7. Bd3 O-O 8. O-O
dxc4 9. Bxc4 b5 10. Bd3 a6 11. Ne4 Nxe4 12. Bxe4 Bb7 13. Bd2 Nf6 14. Bd3 c5 15.
Be2 Ne4 16. Be1 Qf6 17. Ba5 Rac8 18. Rc1 c4 19. a4 Bd5 20. Ne5 Bxe5 21. dxe5
Qxe5 22. f3 Nc5 23. e4 Nb3 24. Bc3 Qf4 25. exd5 exd5 26. Rc2 d4 27. Bd2 Qf5 28.
Bb4 Rfd8 29. Be7 d3 30. g4 dxc2 31. Qxd8+ Rxd8 32. gxf5 Re8 33. Bg5 Rxe2 34.
axb5 axb5 35. f6 h6 0-1

[Event "X Festival Sant'Anna A"]
[Site "Pisignano - Vernole ITA"]
[Date "2007.08.09"]
[Round "4"]
[White "De Leon Cultri Fascetti, Angelo"]
[Black "Guido, Andrea"]
[Result "0-1"]
[WhiteElo "2010"]
[BlackElo "1808"]
[PlyCount "90"]
[EventDate "2007.08.07"]

1. e4 c5 2. c3 d5 3. exd5 Qxd5 4. d4 cxd4 5. cxd4 Nc6 6. Nf3 e6 7. Nc3 Bb4 8.
Bd3 Nf6 9. O-O Bxc3 10. bxc3 O-O 11. Bc2 Re8 12. Re1 Bd7 13. Qd3 e5 14. dxe5
Nxe5 15. Nxe5 Rxe5 16. Rxe5 Qxe5 17. Be3 Bb5 18. Qd4 Qd5 19. Bb3 Qh5 20. Rd1
Bc6 21. f3 a6 22. Qc5 Qg6 23. Qg5 Re8 24. Kf2 Qxg5 25. Bxg5 Nd7 26. Re1 Ne5 27.
Bc2 f6 28. Bf4 Bd5 29. Bxe5 Rxe5 30. Rxe5 fxe5 31. a3 Kf7 32. Ke3 h6 33. Kd3
Ke6 34. c4 Bc6 35. Kc3 g5 36. Kb4 g4 37. fxg4 Bxg2 38. Kc5 Kf6 39. Bd1 Kg5 40.
Kb6 Kh4 41. Be2 Kh3 42. c5 Kxh2 43. Bxa6 bxa6 44. Kxa6 e4 45. c6 Bh3 0-1

[Event "X Festival Sant'Anna A"]
[Site "Pisignano - Vernole ITA"]
[Date "2007.08.09"]
[Round "4"]
[White "Dell'Anna, Michele"]
[Black "Vespe, Francesco"]
[Result "1-0"]
[WhiteElo "1858"]
[BlackElo "2058"]
[PlyCount "125"]
[EventDate "2007.08.07"]

1. c4 e5 2. g3 f5 3. Bg2 Nc6 4. Nc3 Nf6 5. e3 Bc5 6. Na4 d6 7. Nxc5 dxc5 8.
Bxc6+ bxc6 9. Qc2 O-O 10. Ne2 Qd6 11. b3 Rd8 12. Nc3 e4 13. Bb2 Ng4 14. Ne2 Ne5
15. Bxe5 Qxe5 16. Qc3 Qd6 17. h4 Be6 18. h5 Bf7 19. Nf4 a5 20. Ke2 a4 21. Rhd1
Qh6 22. Rh1 Rd6 23. Rab1 Rad8 24. Rbd1 axb3 25. axb3 Rd3 26. Qc2 Qg5 27. Rh4
Qf6 28. Rhh1 g5 29. hxg6 hxg6 30. Qa2 R3d6 31. Rh6 Kg7 32. Nh5+ gxh5 33. Rxf6
Kxf6 34. Qa5 h4 35. Qc3+ Ke6 36. Rh1 Rd3 37. Qa5 Bh5+ 38. Ke1 Rxb3 39. d4 Rb1+
40. Kd2 Rxh1 41. Qxc5 hxg3 42. Qe5+ Kf7 43. Qxf5+ Kg7 44. Qg5+ Kh7 45. Qxd8 g2
46. Qxc7+ Kh8 47. Qe5+ Kg8 48. Qg3+ Kf8 49. Qxg2 Bf3 50. Qg3 Rf1 51. Kc3 Rb1
52. Qd6+ Kg8 53. Qxc6 Rf1 54. Qg6+ Kf8 55. Qg3 Rb1 56. d5 Ke8 57. Kd4 Rb2 58.
Kc3 Rb1 59. Kd4 Rb2 60. Ke5 Rc2 61. Qg8+ Kd7 62. d6 Kc6 63. d7 1-0